000 00460nam a2200181Ia 4500
008 220204s9999 xx 000 0 und d
082 _a58/581
_bNAI.1
245 0 _aAspects of plant sciences. V 1
260 _aNew Delhi
_bToday and Tomorrows
_c1979
650 _aAngiosperm
650 _aCytology
650 _aFern toxonomy
650 _aGymnosperms
650 _aPollen biology
650 _aPollen morphology
700 _aNair, P K K
942 _cBK
999 _c36093
_d36093